| 000 | 00000nas 2200000zi 4500 |
| 001 | 9.899091 |
| 003 | CaOODSP |
| 005 | 20250710094700 |
| 006 | m o d f |
| 007 | cr ||||||||||| |
| 008 | 210423d19261958onc x m o f0###|0eng|d |
| 022 | |y1181-3016 |
| 040 | |aCaOODSP|beng|erda|cCaOODSP |
| 043 | |an-cn--- |
| 086 | 1 |aFs52-3E-PDF |
| 130 | 0 |aManuscript reports of the biological stations. |
| 245 | 10|aManuscript reports of the biological stations. |
| 246 | 3 |iNo. 1 has title : |aMSS reports of the biological stations |
| 246 | 3 |iNo. 5 has title : |aManuscript reports of the Biological Board |
| 246 | 3 |iNo. 112 has title: |aManuscript report series (biological) |
| 246 | 3 |iSome issues have running title : |aMSS. reports Biol. Board |
| 264 | 1|aOttawa : |bBiological Board of Canada, |c1926-1958. |
| 310 | |aIrregular |
| 336 | |atext|btxt|2rdacontent |
| 337 | |acomputer|bc|2rdamedia |
| 338 | |aonline resource|bcr|2rdacarrier |
| 362 | 0 |aNo. 1 (1926)-no. 639 (1958). |
| 500 | |aPlace of publication varies, reports issued by the various biological stations. |
| 550 | |aNos. 96-639 issued by Fisheries Research Board of Canada. |
| 650 | 0|aFisheries|zCanada. |
| 650 | 0|aMarine biology|zCanada. |
| 710 | 2 |aBiological Board of Canada. |
| 710 | 2 |aFisheries Research Board of Canada. |
| 785 | 00|tManuscript report series (biological) |w(CaOODSP)9.812823 |